[Event "Saskatoon op"]
[Site "Saskatoon CAN"]
[Date "2003.09.27"]
[Round "2"]
[White "Fletcher, David"]
[Black "Pua, Richard"]
[Result "1-0"]
[WhiteElo "2147"]
[BlackElo "1720"]
[PlyCount "98"]
[EventDate "2003.09.27"]
[EventType "swiss"]
[EventRounds "5"]
[EventCountry "CAN"]

1. e4 e5 2. Nf3 Nf6 3. Nc3 Nc6 4. d4 Bb4 5. Bg5 Bxc3+ 6. bxc3 Qe7 7. Bd3 O-O 8.
O-O d6 9. h3 b6 10. Re1 Nb8 11. Nh2 h6 12. Bh4 g5 13. Bg3 Nc6 14. d5 Na5 15.
Nf1 Bd7 16. Ne3 Nb7 17. h4 Nc5 18. hxg5 hxg5 19. Nf1 Kh8 20. f3 Rg8 21. Kf2 Rg6
22. Ne3 Kg7 23. Rh1 Rh8 24. Rxh8 Kxh8 25. c4 Rh6 26. Qd2 Nh5 27. Rh1 Qf6 28.
Nf1 Nf4 29. Rxh6+ Qxh6 30. Ne3 Qh1 31. Bf1 Kg8 32. Bxf4 gxf4 33. Nd1 Qh2 34.
Nb2 f5 35. exf5 Bxf5 36. Ke1 Qg3+ 37. Kd1 Kf7 38. Nd3 e4 39. Qxf4 Qxf4 40. Nxf4
exf3 41. gxf3 Na4 42. Kd2 Nc5 43. Bd3 Nxd3 44. cxd3 Bd7 45. a3 c6 46. dxc6 Bxc6
47. Ke3 a6 48. Ne2 Bb7 49. f4 Kf6 1-0

[Event "Saskatoon op"]
[Site "Saskatoon CAN"]
[Date "2003.09.28"]
[Round "5"]
[White "Hellsten, Ole"]
[Black "Pua, Richard"]
[Result "0-1"]
[WhiteElo "1996"]
[BlackElo "1720"]
[PlyCount "64"]
[EventDate "2003.09.27"]
[EventType "swiss"]
[EventRounds "5"]
[EventCountry "CAN"]

1. d4 Nf6 2. Nf3 b6 3. e3 Bb7 4. Bd3 e6 5. Nbd2 d5 6. O-O c5 7. c3 Bd6 8. Qe2
Ne4 9. Bb5+ Bc6 10. Ne5 Qc7 11. Ndf3 O-O 12. Bxc6 Nxc6 13. Nxc6 Qxc6 14. Ne5
Qc7 15. f3 f6 16. Ng4 Ng5 17. h4 Nf7 18. e4 Bg3 19. h5 Rad8 20. f4 dxe4 21. Qe3
f5 22. Qxg3 fxg4 23. dxc5 Qxc5+ 24. Be3 Qxh5 25. Bd4 Nd6 26. Be5 Nf5 27. Qh2
Qxh2+ 28. Kxh2 Rd2 29. b3 Rfd8 30. Rfe1 e3 31. Bd4 e2 32. Kg1 g3 0-1

[Event "September TNT"]
[Site "Winnipeg CAN"]
[Date "2003.09.09"]
[Round "1"]
[White "Anderson, George"]
[Black "Cleto, Sam"]
[Result "0-1"]
[WhiteElo "1459"]
[BlackElo "1864"]
[PlyCount "108"]
[EventDate "2003.09.09"]
[EventType "swiss"]
[EventRounds "4"]
[EventCountry "CAN"]

1. d4 Nf6 2. Bg5 Ne4 3. Bh4 d5 4. Nf3 g6 5. e3 Bg7 6. Bd3 O-O 7. Nbd2 f5 8. Ng5
h6 9. Ngxe4 fxe4 10. Be2 Be6 11. O-O Qe8 12. Rc1 b5 13. Nb3 c6 14. Nc5 Bc8 15.
Bg4 e6 16. a4 bxa4 17. Nxa4 Nd7 18. c4 Nf6 19. Bxf6 Bxf6 20. Nc5 Bg5 21. Qb3 h5
22. Bh3 Qe7 23. f4 exf3 24. Rxf3 Rxf3 25. gxf3 Bh6 26. Rc2 Qg5+ 27. Rg2 Qxe3+
28. Kh1 Qxb3 29. Nxb3 Kf7 30. cxd5 exd5 31. Bxc8 Rxc8 32. Rc2 Be3 33. Rc3 Bh6
34. Na5 Rb8 35. Nxc6 Rxb2 36. Nxa7 Bf4 37. Nc6 Rxh2+ 38. Kg1 Re2 39. Ne5+ Bxe5
40. dxe5 Rxe5 41. Kf2 Re6 42. Rc1 Kf6 43. Rd1 Rd6 44. Kg3 g5 45. Kf2 Ke6 46.
Rd4 Ke5 47. Rd1 d4 48. Ra1 Kf4 49. Rd1 d3 50. Rd2 h4 51. Ra2 Rd5 52. Ra4+ Kf5
53. Ke1 h3 54. Kd2 h2 0-1

[Event "September TNT"]
[Site "Winnipeg CAN"]
[Date "2003.09.09"]
[Round "1"]
[White "Gibbons, Lorne"]
[Black "Rutter, Blair"]
[Result "0-1"]
[WhiteElo "1315"]
[BlackElo "1751"]
[PlyCount "92"]
[EventDate "2003.09.09"]
[EventType "swiss"]
[EventRounds "4"]
[EventCountry "CAN"]

1. d4 e5 2. dxe5 Nc6 3. Nf3 b6 4. Nbd2 Bb7 5. g3 Nge7 6. Bg2 Ng6 7. b3 Ncxe5 8.
Bb2 Qf6 9. O-O Qc6 10. c4 Be7 11. Bc3 O-O 12. Qc2 d6 13. e4 Rad8 14. Nd4 Qe8
15. f4 Ng4 16. Rfe1 Qd7 17. Bh3 h5 18. Qd1 Rfe8 19. f5 N6e5 20. N2f3 Bf6 21.
Bg2 c5 22. Nc2 Nxf3+ 23. Qxf3 Bc6 24. Bxf6 Nxf6 25. Qd3 Qb7 26. Re3 Nxe4 27.
Rae1 Nf6 28. Bxc6 Qxc6 29. b4 Qd7 30. b5 Rxe3 31. Rxe3 d5 32. cxd5 Nxd5 33. Rf3
Nf6 34. Ne1 Qe8 35. Re3 Rxd3 36. Rxe8+ Nxe8 37. Nxd3 Nd6 38. a4 Nxf5 39. Ne5
Ne7 40. Kf2 f6 41. Nc6 Kf7 42. Nxa7 Ke6 43. Ke2 Kd7 44. Kd3 Kc7 45. Kc4 Kb7 46.
a5 Kxa7 0-1

[Event "September TNT"]
[Site "Winnipeg CAN"]
[Date "2003.09.09"]
[Round "1"]
[White "Lipnowski, Samuel"]
[Black "Milord, Frank"]
[Result "1-0"]
[WhiteElo "2099"]
[BlackElo "1566"]
[PlyCount "57"]
[EventDate "2003.09.09"]
[EventType "swiss"]
[EventRounds "4"]
[EventCountry "CAN"]

1. e4 d6 2. d4 Nf6 3. Nc3 g6 4. Nf3 Bg7 5. Be2 O-O 6. O-O c6 7. a4 Nbd7 8. Bg5
h6 9. Bh4 g5 10. Bg3 Nh5 11. Qd2 Nxg3 12. hxg3 a5 13. Ra3 Nb6 14. Rd1 Be6 15.
Qe3 Bc4 16. Nd2 Bxe2 17. Nxe2 e5 18. Rb3 f5 19. dxe5 Nxa4 20. Rxb7 Nc5 21.
Rxg7+ Kxg7 22. exf5 Rxf5 23. Nc4 Qe7 24. Nd4 Rxe5 25. Nf5+ Kf6 26. Nxe5 Qxe5
27. Rxd6+ Kxf5 28. Qf3+ Qf4 29. gxf4 1-0

[Event "September TNT"]
[Site "Winnipeg CAN"]
[Date "2003.09.09"]
[Round "1"]
[White "Schulz, Waldemar"]
[Black "Tetrault, Claude"]
[Result "1-0"]
[WhiteElo "2047"]
[BlackElo "1465"]
[PlyCount "59"]
[EventDate "2003.09.09"]
[EventType "swiss"]
[EventRounds "4"]
[EventCountry "CAN"]

1. d4 d5 2. c4 e6 3. g3 c5 4. Bg2 Nc6 5. cxd5 exd5 6. Nf3 Nf6 7. O-O Be6 8. Nc3
Rc8 9. Bg5 Be7 10. dxc5 O-O 11. Rc1 a6 12. Na4 Ne4 13. Be3 Nf6 14. Nb6 Rc7 15.
Bf4 Bxc5 16. Rxc5 Re7 17. Na4 Rfe8 18. Rc1 Bd7 19. Nc3 Bg4 20. e3 h6 21. h4 Rd7
22. Qb3 Be6 23. Nd4 Nxd4 24. exd4 Ne4 25. Qd1 Nf6 26. Re1 Rde7 27. Qd2 Bg4 28.
Rxe7 Rxe7 29. Re1 Be6 30. Re5 1-0

[Event "September TNT"]
[Site "Winnipeg CAN"]
[Date "2003.09.09"]
[Round "1"]
[White "Zaczek, Jonathan"]
[Black "Babb, Jeff"]
[Result "1-0"]
[WhiteElo "1658"]
[BlackElo "2149"]
[PlyCount "95"]
[EventDate "2003.09.09"]
[EventType "swiss"]
[EventRounds "4"]
[EventCountry "CAN"]

1. e4 d6 2. d4 Nf6 3. Nc3 g6 4. f4 Bg7 5. Nf3 c5 6. Be3 cxd4 7. Nxd4 O-O 8. Bc4
Nc6 9. Qd2 Nxe4 10. Nxe4 d5 11. Nxc6 bxc6 12. O-O-O Bf5 13. Ng3 dxc4 14. Nxf5
Qxd2+ 15. Rxd2 gxf5 16. Rd7 Rfb8 17. c3 a5 18. Rxe7 Rb5 19. Re1 c5 20. Kc2 Bf6
21. Rc7 Rab8 22. Bc1 Kg7 23. a4 R8b7 24. Rc6 R5b6 25. Rxc5 Re6 26. Rxe6 fxe6
27. Rxc4 Be7 28. Be3 Kf7 29. Rc6 Bd8 30. Ra6 Bc7 31. g3 Ke7 32. Ra7 Rxa7 33.
Bxa7 Kd7 34. b4 Kc6 35. b5+ Kb7 36. Bd4 h5 37. c4 Bd8 38. c5 Be7 39. Kc3 Kc7
40. Kc4 Kb7 41. c6+ Kc7 42. Bc3 Kb6 43. Bxa5+ Ka7 44. Bc3 Bd6 45. Be5 Be7 46.
a5 h4 47. b6+ Ka6 48. c7 1-0

[Event "September TNT"]
[Site "Winnipeg CAN"]
[Date "2003.09.16"]
[Round "2"]
[White "Cleto, Sam"]
[Black "Zaczek, Jonathan"]
[Result "0-1"]
[WhiteElo "1864"]
[BlackElo "1658"]
[PlyCount "81"]
[EventDate "2003.09.09"]
[EventType "swiss"]
[EventRounds "4"]
[EventCountry "CAN"]

1. Nf3 c5 2. g3 g6 3. Bg2 Bg7 4. c3 Nc6 5. O-O e5 6. d3 Nge7 7. Bg5 O-O 8. Nbd2
d5 9. Nb3 b6 10. Qc1 Be6 11. Qe1 Qd7 12. Bxe7 Nxe7 13. Ng5 Rad8 14. Nd2 f5 15.
a4 Bh6 16. Ndf3 Nc6 17. b4 Bxg5 18. Nxg5 Qe7 19. Nxe6 Qxe6 20. bxc5 bxc5 21. c4
dxc4 22. dxc4 Nb4 23. Qc3 Rd4 24. Rfc1 Rfd8 25. h3 e4 26. Kh2 Rd2 27. Bf1 Na2
28. Rxa2 Rxa2 29. Qa5 Qb6 30. Qb5 Qxb5 31. axb5 Rdd2 32. Kg2 Kf7 33. f3 exf3+
34. Kxf3 Kf6 35. Ke3 Rdc2 36. Rd1 Rxc4 37. Rd7 Re4+ 38. Kf2 Re7 39. Rd6+ Ke5
40. Rc6 Kd4 41. Kf3 0-1

[Event "September TNT"]
[Site "Winnipeg CAN"]
[Date "2003.09.16"]
[Round "2"]
[White "Hogeveen Rutter, Alexander"]
[Black "Schulz, Waldemar"]
[Result "0-1"]
[WhiteElo "1698"]
[BlackElo "2047"]
[PlyCount "50"]
[EventDate "2003.09.09"]
[EventType "swiss"]
[EventRounds "4"]
[EventCountry "CAN"]

1. e4 c5 2. Nf3 e6 3. d4 cxd4 4. Nxd4 Nf6 5. Nc3 d6 6. Bc4 a6 7. O-O Qc7 8. Bb3
Nc6 9. Be3 Be7 10. h3 O-O 11. Qd2 b5 12. a3 Na5 13. Ba2 Nc4 14. Bxc4 Qxc4 15.
Qd3 Bb7 16. f3 Rac8 17. Rad1 Rfd8 18. Rfe1 Nd7 19. Nb3 Ne5 20. Qxc4 Nxc4 21.
Bc1 Nxa3 22. Nd5 exd5 23. exd5 Bf6 24. bxa3 Rxc2 25. Nd4 Rxc1 0-1

[Event "September TNT"]
[Site "Winnipeg CAN"]
[Date "2003.09.16"]
[Round "2"]
[White "Rutter, Blair"]
[Black "Lipnowski, Samuel"]
[Result "0-1"]
[WhiteElo "1751"]
[BlackElo "2099"]
[PlyCount "60"]
[EventDate "2003.09.09"]
[EventType "swiss"]
[EventRounds "4"]
[EventCountry "CAN"]

1. d4 d5 2. c4 c6 3. Nc3 Nf6 4. Nf3 a6 5. c5 g6 6. h3 Bg7 7. Bf4 O-O 8. e3 Nbd7
9. Bd3 Nh5 10. Bh2 Re8 11. g4 Nhf6 12. Qc2 Nf8 13. O-O-O N6d7 14. Nh4 e5 15.
Bg3 exd4 16. exd4 Bxd4 17. Bxg6 Bxc3 18. Bxf7+ Kxf7 19. Qxc3 Qf6 20. Qc2 Ne5
21. Rd4 Neg6 22. Rhd1 Bd7 23. R1d3 Re1+ 24. Kd2 Rae8 25. Kc3 Nxh4 26. Bxh4 Qxh4
27. Rf3+ Kg8 28. Qd2 R1e4 29. Rdd3 Qe7 30. Qh6 Qxc5+ 0-1

[Event "September TNT"]
[Site "Winnipeg CAN"]
[Date "2003.09.16"]
[Round "2"]
[White "Vincent, Trevor"]
[Black "Greenberg, Harley"]
[Result "1-0"]
[WhiteElo "2052"]
[BlackElo "1864"]
[PlyCount "70"]
[EventDate "2003.09.09"]
[EventType "swiss"]
[EventRounds "4"]
[EventCountry "CAN"]

1. c4 Nf6 2. g3 e6 3. Bg2 c5 4. Nf3 Be7 5. O-O O-O 6. Nc3 Nc6 7. d4 d5 8. cxd5
exd5 9. dxc5 Bxc5 10. Bg5 Be6 11. Qa4 Be7 12. Rfd1 h6 13. Be3 Qa5 14. Rac1 Qxa4
15. Nxa4 d4 16. Nxd4 Nxd4 17. Rxd4 Rac8 18. Rxc8 Rxc8 19. Nc3 Ng4 20. Re4 Bf6
21. Bd4 Bf5 22. Rf4 g5 23. Rxf5 Bxd4 24. e3 Bxc3 25. bxc3 Kg7 26. Bh3 Rc4 27.
Bxg4 Rxg4 28. f4 gxf4 29. exf4 Rg6 30. Rb5 Ra6 31. Rxb7 Rxa2 32. c4 a5 33. c5
Rc2 34. Rb5 a4 35. Ra5 Rxc5 1-0

[Event "September TNT"]
[Site "Winnipeg CAN"]
[Date "2003.09.23"]
[Round "3"]
[White "Greenberg, Harley"]
[Black "Hogeveen Rutter, Alexander"]
[Result "1-0"]
[WhiteElo "1864"]
[BlackElo "1698"]
[PlyCount "57"]
[EventDate "2003.09.09"]
[EventType "swiss"]
[EventRounds "4"]
[EventCountry "CAN"]

1. d4 g6 2. c4 Bg7 3. Nc3 Nf6 4. e4 d6 5. Be2 O-O 6. Nf3 c6 7. O-O Bg4 8. h3
Bxf3 9. Bxf3 Nbd7 10. Be3 e5 11. Qd2 Qc7 12. Rab1 a6 13. Be2 Rab8 14. f4 b5 15.
b4 Nb6 16. c5 dxc5 17. fxe5 cxd4 18. exf6 dxe3 19. Qxe3 Bh8 20. Qg5 Nd7 21.
Rbc1 Qd6 22. Rcd1 Qxb4 23. Rxd7 Qxc3 24. Bd1 Rfe8 25. Bb3 Rf8 26. h4 a5 27. h5
a4 28. hxg6 hxg6 29. Qxg6+ 1-0

[Event "September TNT"]
[Site "Winnipeg CAN"]
[Date "2003.09.23"]
[Round "3"]
[White "Lipnowski, Samuel"]
[Black "Schulz, Waldemar"]
[Result "1-0"]
[WhiteElo "2099"]
[BlackElo "2047"]
[PlyCount "39"]
[EventDate "2003.09.09"]
[EventType "swiss"]
[EventRounds "4"]
[EventCountry "CAN"]

1. e4 c5 2. Nf3 e6 3. d4 cxd4 4. Nxd4 a6 5. Bd3 Ne7 6. O-O Nbc6 7. Ne2 Ne5 8.
Nbc3 N7c6 9. Ng3 Nxd3 10. cxd3 d6 11. f4 Bd7 12. Kh1 g6 13. f5 Qb6 14. fxe6
Bxe6 15. Nd5 Bxd5 16. exd5 Ne7 17. Bg5 f5 18. Rc1 Kf7 19. Qe2 Nxd5 20. Nxf5 1-0

[Event "September TNT"]
[Site "Winnipeg CAN"]
[Date "2003.09.23"]
[Round "3"]
[White "Rutter, Blair"]
[Black "Babb, Jeff"]
[Result "0-1"]
[WhiteElo "1751"]
[BlackElo "2149"]
[PlyCount "42"]
[EventDate "2003.09.09"]
[EventType "swiss"]
[EventRounds "4"]
[EventCountry "CAN"]

1. d4 Nf6 2. c4 c5 3. d5 b5 4. b3 e6 5. dxe6 fxe6 6. e3 bxc4 7. bxc4 Ne4 8.
Qh5+ g6 9. Qe5 Qf6 10. Qxf6 Nxf6 11. Bb2 Bg7 12. Nc3 Nc6 13. Be2 Rb8 14. Ba3
Nd5 15. Nxd5 Bxa1 16. Nc7+ Kd8 17. Nb5 Nb4 18. Bd1 Ba6 19. Nd6 Ke7 20. Ne4 Bxc4
21. Nxc5 Bc3# 0-1

[Event "September TNT"]
[Site "Winnipeg CAN"]
[Date "2003.09.23"]
[Round "3"]
[White "Wood, Nathan"]
[Black "Milord, Frank"]
[Result "1-0"]
[WhiteElo "1294"]
[BlackElo "1566"]
[PlyCount "104"]
[EventDate "2003.09.09"]
[EventType "swiss"]
[EventRounds "4"]
[EventCountry "CAN"]

1. e4 c5 2. Nf3 Nc6 3. c3 d5 4. Qc2 dxe4 5. Qxe4 Nf6 6. Qc4 e6 7. d4 cxd4 8.
cxd4 Bb4+ 9. Nc3 Ne4 10. a3 Nxc3 11. axb4 Nd5 12. b5 Nce7 13. Bd3 O-O 14. O-O
Nb6 15. Bxh7+ Kh8 16. Qd3 g6 17. Ng5 Nf5 18. Qh3 Kg7 19. Bxg6 Kxg6 20. Qh7+ Kf6
21. Ne4+ Ke7 22. Bg5+ Kd7 23. Bxd8 Kxd8 24. Nd6 Nxd6 25. Qh4+ Ke8 26. Rfc1 Bd7
27. Rc5 Nd5 28. Re1 Bxb5 29. Rxd5 Kd7 30. Rc5 Rh8 31. Qg5 Rag8 32. Qc1 Bc6 33.
g3 Rh3 34. Rc2 Rgh8 35. f4 Nf5 36. g4 Nh4 37. Re3 Nf3+ 38. Rxf3 Rxf3 39. Rc3
Rhh3 40. Rxf3 Rxf3 41. f5 exf5 42. gxf5 Rd3 43. Qc4 Rd1+ 44. Kf2 Rd2+ 45. Ke3
Rd1 46. Qxf7+ Kd8 47. Qg8+ Be8 48. Qd5+ Kc7 49. Qe5+ Kd8 50. Qa5+ Ke7 51. Qxa7
Bc6 52. Qc5+ Kf7 1-0

[Event "September TNT"]
[Site "Winnipeg CAN"]
[Date "2003.09.23"]
[Round "3"]
[White "Zaczek, Jonathan"]
[Black "Vincent, Trevor"]
[Result "1/2-1/2"]
[WhiteElo "1658"]
[BlackElo "2052"]
[PlyCount "57"]
[EventDate "2003.09.09"]
[EventType "swiss"]
[EventRounds "4"]
[EventCountry "CAN"]

1. e4 c5 2. Nf3 Nc6 3. d4 cxd4 4. Nxd4 g6 5. c4 Bg7 6. Be3 Nh6 7. Be2 d6 8. Qd2
Ng4 9. Bxg4 Bxg4 10. O-O O-O 11. Nc3 Rc8 12. b3 Bd7 13. Rac1 Qa5 14. Rfd1 Qh5
15. Nde2 Ne5 16. Ng3 Qg4 17. h3 Qe6 18. Bxa7 h5 19. Nd5 h4 20. Ne2 Nc6 21. Nef4
Qxe4 22. Re1 Qf5 23. Nxe7+ Nxe7 24. Rxe7 Bc6 25. Nd5 Bxd5 26. cxd5 Rxc1+ 27.
Qxc1 Qxd5 28. Bb6 Ra8 29. Qc2 1/2-1/2

[Event "September TNT"]
[Site "Winnipeg CAN"]
[Date "2003.09.30"]
[Round "4"]
[White "Cleto, Sam"]
[Black "Greenberg, Harley"]
[Result "0-1"]
[WhiteElo "1864"]
[BlackElo "1864"]
[PlyCount "96"]
[EventDate "2003.09.09"]
[EventType "swiss"]
[EventRounds "4"]
[EventCountry "CAN"]

1. Nf3 Nf6 2. c4 e6 3. Nc3 d5 4. d4 c5 5. e3 Bd6 6. Nb5 Be7 7. dxc5 Bxc5 8. Be2
O-O 9. O-O Nc6 10. a3 a6 11. Nc3 dxc4 12. Bxc4 b5 13. Ba2 Bb7 14. Qc2 Ba7 15.
Bb1 Qc7 16. Ne4 Nxe4 17. Qxe4 g6 18. Qh4 Qe7 19. Qh6 Na5 20. e4 Nb3 21. Ba2
Nxa1 22. Ng5 f6 23. Nxe6 Rf7 24. e5 Kh8 25. exf6 Qxf6 26. Bf4 Re8 27. Re1 Qxb2
28. Be5+ Qxe5 29. Rxe5 Bxf2+ 30. Kf1 Be3+ 31. Nf4 Rxf4+ 32. Qxf4 Bxg2+ 33. Kxg2
Bxf4 34. Rxe8+ Kg7 35. Re7+ Kh6 36. Bg8 Kg5 37. Re2 a5 38. Kf3 Bd6 39. Rd2 Bxa3
40. Ra2 Nc2 41. Rxc2 h6 42. Bf7 Kf6 43. Be8 b4 44. Rc6+ Ke7 45. Bxg6 b3 46. Ke4
Bd6 47. Kd5 Bxh2 48. Re6+ Kf8 0-1

[Event "September TNT"]
[Site "Winnipeg CAN"]
[Date "2003.09.30"]
[Round "4"]
[White "Milord, Frank"]
[Black "Hogeveen Rutter, Alexander"]
[Result "0-1"]
[WhiteElo "1566"]
[BlackElo "1698"]
[PlyCount "70"]
[EventDate "2003.09.09"]
[EventType "swiss"]
[EventRounds "4"]
[EventCountry "CAN"]

1. e4 c5 2. Nf3 Nc6 3. d4 cxd4 4. Nxd4 g6 5. c4 Bg7 6. Be3 Nf6 7. Nc3 d6 8. Be2
O-O 9. O-O a6 10. Kh1 Re8 11. f4 Qb6 12. Qb3 Qc7 13. Nxc6 bxc6 14. Qc2 Rb8 15.
Rab1 Rb7 16. Bf3 Be6 17. b3 Reb8 18. f5 Bd7 19. g4 Qa5 20. Bd2 Qa3 21. Bc1 Qc5
22. Bf4 a5 23. Na4 Qa7 24. c5 Bf8 25. Be3 e6 26. Qf2 d5 27. e5 Ne8 28. f6 Nc7
29. Nb6 Na6 30. Nxd7 Rxd7 31. a3 Bxc5 32. Bxc5 Nxc5 33. b4 axb4 34. axb4 Nd3
35. Qxa7 Rxa7 0-1

[Event "September TNT"]
[Site "Winnipeg CAN"]
[Date "2003.09.30"]
[Round "4"]
[White "Schulz, Waldemar"]
[Black "Zaczek, Jonathan"]
[Result "1-0"]
[WhiteElo "2047"]
[BlackElo "1658"]
[PlyCount "161"]
[EventDate "2003.09.09"]
[EventType "swiss"]
[EventRounds "4"]
[EventCountry "CAN"]

1. d4 Nf6 2. Bg5 d6 3. Bxf6 exf6 4. Nf3 g6 5. e3 Bg7 6. Bc4 O-O 7. O-O c6 8.
Nbd2 f5 9. c3 Nd7 10. Nb3 Nf6 11. Nc1 Qc7 12. Ne2 d5 13. Bb3 Be6 14. Nf4 Ne4
15. Rc1 b5 16. Ne1 Rfe8 17. Ned3 f6 18. Nxe6 Rxe6 19. Nf4 Rd6 20. Re1 Re8 21.
Ra1 Rdd8 22. a4 a6 23. axb5 axb5 24. Ra6 Qb7 25. Ra1 Re7 26. Bc2 Rde8 27. Bxe4
fxe4 28. Qb3 Bh6 29. Ne2 f5 30. Ra3 Rf7 31. Qc2 f4 32. Nxf4 Bxf4 33. exf4 Rxf4
34. Raa1 Qf7 35. Re2 Rf8 36. Qd2 h5 37. Ra6 Qb7 38. Ra1 g5 39. Qe3 g4 40. b3
R8f6 41. Rea2 Qg7 42. Ra8+ Kh7 43. R8a7 Rf7 44. Rxf7 Rxf7 45. h3 gxh3 46. Qxh3
Qg4 47. Qxg4 hxg4 48. Ra2 Kg6 49. Kh2 Kg5 50. Kg3 Kf5 51. Ra6 Rf6 52. Ra8 Rg6
53. Rc8 Kg5 54. Rf8 Kh5 55. Kf4 g3 56. Rh8+ Rh6 57. Rxh6+ Kxh6 58. Kxg3 Kg5 59.
Kh3 Kf4 60. Kh4 e3 61. fxe3+ Kxe3 62. g4 Kd3 63. g5 Kxc3 64. g6 Kxd4 65. g7 c5
66. g8=Q c4 67. Qg7+ Kc5 68. Qc7+ Kb4 69. bxc4 bxc4 70. Qb6+ Kc3 71. Qe3+ Kb4
72. Qd4 Kb3 73. Qxd5 Kc3 74. Kg3 Kb4 75. Kf2 c3 76. Ke2 Ka3 77. Qb7 c2 78. Kd2
c1=Q+ 79. Kxc1 Ka4 80. Kc2 Ka5 81. Kc3 1-0

[Event "September TNT"]
[Site "Winnipeg CAN"]
[Date "2003.09.30"]
[Round "4"]
[White "Vincent, Trevor"]
[Black "Babb, Jeff"]
[Result "0-1"]
[WhiteElo "2052"]
[BlackElo "2149"]
[PlyCount "59"]
[EventDate "2003.09.09"]
[EventType "swiss"]
[EventRounds "4"]
[EventCountry "CAN"]

1. c4 Nc6 2. g3 e5 3. Bg2 g6 4. Nc3 Bg7 5. e4 d6 6. Nge2 Be6 7. d3 Qd7 8. Nd5
Nd8 9. d4 c6 10. Ne3 Bh3 11. O-O h5 12. dxe5 Bxg2 13. Kxg2 dxe5 14. Qxd7+ Kxd7
15. Rd1+ Kc7 16. b3 Nf6 17. f3 Ne6 18. Bb2 Nd7 19. Rac1 a5 20. Rc2 Rhd8 21.
Rcd2 Ndc5 22. Rxd8 Rxd8 23. Rxd8 Kxd8 24. Nc2 Kc7 25. Bc3 b6 26. Kf2 Kd6 27.
Ke3 Bh6+ 28. f4 exf4+ 29. gxf4 Nxf4 30. Nxf4 0-1

[Event "Sherbrooke Perpetuelles 05-12"]
[Site "Sherbrooke CAN"]
[Date "2003.12.12"]
[Round "2"]
[White "Labranche, Francis"]
[Black "Filiatrault, Marc"]
[Result "1-0"]
[WhiteElo "669"]
[BlackElo "1132"]
[PlyCount "39"]
[EventDate "2003.12.05"]
[EventType "swiss"]
[EventRounds "5"]
[EventCountry "CAN"]
[Source "ChessBase"]
[SourceDate "2007.11.25"]

1. e4 e5 2. Nf3 Nc6 3. Bc4 Qe7 4. b3 Nf6 5. Nc3 g6 6. d3 Nd4 7. Bg5 Bg7 8. Nd5
Qc5 9. Nxf6+ Bxf6 10. Bxf6 O-O 11. c3 Qa5 12. b4 Qb6 13. Bxe5 Nxf3+ 14. Qxf3 d5
15. Bxd5 a5 16. Qg3 axb4 17. Rb1 c5 18. Qf3 Bd7 19. Qf4 Be6 20. Qf6 1-0

[Event "Sherbrooke Perpetuelles 05-12"]
[Site "Sherbrooke CAN"]
[Date "2003.12.12"]
[Round "2"]
[White "Morin, Laurent"]
[Black "Lafleur, Sebastien"]
[Result "0-1"]
[WhiteElo "1007"]
[BlackElo "1075"]
[PlyCount "104"]
[EventDate "2003.12.05"]
[EventType "swiss"]
[EventRounds "5"]
[EventCountry "CAN"]
[Source "ChessBase"]
[SourceDate "2007.11.25"]

1. e4 c5 2. Nf3 Nc6 3. Bc4 e6 4. c3 d5 5. exd5 exd5 6. Bb5 Bd7 7. d4 Nf6 8. O-O
Bd6 9. Re1+ Ne7 10. Qa4 O-O 11. Bxd7 Nxd7 12. Ne5 Nb6 13. Qc2 Qc7 14. Na3 a6
15. Be3 Bxe5 16. dxe5 Nd7 17. Bf4 Qc6 18. Qd2 b5 19. Nc2 Ng6 20. Bg3 Rfe8 21.
f4 Nb6 22. f5 Nc4 23. Qg5 Ngxe5 24. f6 Qxf6 25. Qxf6 gxf6 26. b3 Nd2 27. Kh1
Ne4 28. Bh4 Ng4 29. h3 Ne5 30. Re3 Ng6 31. Be1 Re5 32. g3 Rf5 33. Kg2 Rg5 34.
g4 f5 35. Kf3 fxg4+ 36. hxg4 f5 37. gxf5 Rf8 38. Ke2 Rfxf5 39. Kd1 h5 40. Rh3
Rf1 41. Ne3 Nxc3+ 42. Kd2 Ne4+ 43. Ke2 Rfg1 44. Kd1 d4 45. Nc2 c4 46. Rh2 d3
47. Nd4 c3 48. Nf3 c2+ 49. Kc1 Rxe1+ 50. Nxe1 Rg1 51. Rg2 Rxe1+ 52. Kb2 Rxa1
0-1

[Event "Sherbrooke Perpetuelles 26-09"]
[Site "Sherbrooke CAN"]
[Date "2003.09.26"]
[Round "1"]
[White "Boutin, Andre"]
[Black "Viens, Nicolas"]
[Result "0-1"]
[WhiteElo "1474"]
[BlackElo "1281"]
[PlyCount "144"]
[EventDate "2003.09.26"]
[EventType "swiss"]
[EventRounds "5"]
[EventCountry "CAN"]
[Source "ChessBase"]
[SourceDate "2007.11.25"]

1. c4 e5 2. Nc3 Nc6 3. a3 Nf6 4. d3 d6 5. Nf3 h6 6. g3 Be6 7. Bg2 Qd7 8. O-O g6
9. b4 Bg7 10. b5 Ne7 11. Nd2 c6 12. bxc6 bxc6 13. Rb1 O-O 14. Nce4 Nxe4 15.
Nxe4 f5 16. Nc3 d5 17. cxd5 cxd5 18. Qa4 Nc6 19. Bd2 e4 20. Qa6 Nd4 21. Rb7 Qc6
22. Qxc6 Nxc6 23. Rfb1 Rfc8 24. Nb5 Rab8 25. Nd6 Rxb7 26. Rxb7 Rd8 27. Nb5 a6
28. Nc3 Rc8 29. Nd1 g5 30. Kf1 Nd4 31. Rb6 Rc2 32. Ke1 Kh7 33. dxe4 dxe4 34. e3
Nb3 35. Rxe6 Nxd2 36. Rxa6 Nc4 37. Bf1 Nd2 38. Be2 Nf3+ 39. Bxf3 exf3 40. Rd6
Rc1 41. Kd2 Ra1 42. Ra6 Ra2+ 43. Ke1 Ra1 44. Ra7 Kg6 45. Ra6+ Kh5 46. Rc6 Rxa3
47. h3 Bf8 48. Rc4 Ra1 49. Kd2 Rb1 50. g4+ fxg4 51. hxg4+ Kh4 52. Kc2 Ra1 53.
Rc8 Bg7 54. Rc4 Ra2+ 55. Kd3 Ra3+ 56. Kd2 Kh3 57. Ke1 Ra2 58. Kf1 Ra1 59. Ke1
Ra2 60. Rc7 Kg2 61. Nc3 Bxc3+ 62. Rxc3 Re2+ 63. Kd1 Kxf2 64. Rc6 Rxe3 65. Rxh6
Re1+ 66. Kd2 Re2+ 67. Kd3 Kg2 68. Rf6 Re8 69. Ra6 f2 70. Ra2 Kg1 71. Ra1+ f1=Q+
72. Rxf1+ Kxf1 0-1

[Event "Sherbrooke Perpetuelles 26-09"]
[Site "Sherbrooke CAN"]
[Date "2003.09.26"]
[Round "1"]
[White "Grenier, Jean Michel"]
[Black "Denomme, Michael"]
[Result "1-0"]
[WhiteElo "1228"]
[BlackElo "1247"]
[PlyCount "102"]
[EventDate "2003.09.26"]
[EventType "swiss"]
[EventRounds "5"]
[EventCountry "CAN"]
[Source "ChessBase"]
[SourceDate "2007.11.25"]

1. e4 e5 2. Nf3 Nc6 3. Bb5 Nge7 4. O-O a6 5. Ba4 b5 6. Bb3 Ng6 7. d4 Bd6 8. Bg5
f6 9. Be3 exd4 10. Nxd4 Nxd4 11. Bxd4 c5 12. Be3 Qe7 13. Bd5 Rb8 14. Qd2 Bb7
15. Bxb7 Rxb7 16. Rd1 Rb6 17. Nc3 Rc6 18. Nd5 Qe5 19. g3 O-O 20. Nc3 Rd8 21.
Qd5+ Qxd5 22. Rxd5 Ne7 23. Rd2 Be5 24. Rad1 Bxc3 25. bxc3 d6 26. Bf4 Nc8 27. g4
Kf7 28. e5 fxe5 29. Bxe5 g5 30. Bg3 Ke6 31. h4 h6 32. hxg5 hxg5 33. Rd5 Rg8 34.
Rf5 Rg7 35. Re1+ Kd7 36. Rd5 Nb6 37. Rd2 b4 38. cxb4 cxb4 39. Rb1 a5 40. f3 Nc4
41. Rd5 Rg6 42. Bf2 Na3 43. Rc1 Rxc2 44. Rxc2 Nxc2 45. Rxa5 Kc6 46. Kg2 d5 47.
Ra6+ Kb5 48. Rxg6 d4 49. Rxg5+ Kc4 50. Rg8 Kc3 51. g5 d3 1-0

[Event "Sherbrooke Perpetuelles 26-09"]
[Site "Sherbrooke CAN"]
[Date "2003.09.26"]
[Round "1"]
[White "Grenier, Jean-Pierre"]
[Black "Pilotte, Benoit"]
[Result "0-1"]
[WhiteElo "1619"]
[BlackElo "1649"]
[PlyCount "88"]
[EventDate "2003.09.26"]
[EventType "swiss"]
[EventRounds "5"]
[EventCountry "CAN"]
[Source "ChessBase"]
[SourceDate "2007.11.25"]

1. e4 d6 2. Nf3 Nf6 3. Nc3 g6 4. Bc4 Nc6 5. Ng5 Ne5 6. Bb3 h6 7. d4 hxg5 8.
dxe5 Ng4 9. exd6 exd6 10. Ba4+ c6 11. h3 Bg7 12. Bd2 Qb6 13. O-O Nxf2 14. Rxf2
Bd4 15. Nd5 Bxf2+ 16. Kf1 Qa6+ 17. Kxf2 Qxa4 18. Nc7+ Kd7 19. Nxa8 Qxe4 20.
Qg4+ Qxg4 21. hxg4 b6 22. Bxg5 Re8 23. Rd1 Bb7 24. Nxb6+ axb6 25. Bf4 Re6 26.
Kg3 c5 27. a3 f6 28. Kf2 g5 29. Bc1 Re4 30. Kg3 Re2 31. Rd2 Re1 32. b4 Rxc1 33.
bxc5 bxc5 34. Rf2 Ke6 35. Re2+ Kf7 36. Kf2 Ba6 37. Rd2 Ke6 38. g3 Ra1 39. c3
Rxa3 40. Rc2 Bc4 41. Ke3 d5 42. Kf3 d4 43. Ke4 Rxc3 44. Re2 Bd5# 0-1